000 00377nam a2200169Ia 4500
003 OSt
005 20240207145711.0
008 170619s9999 xx 000 0 und d
020 _a9780071007283
040 _cIIMT ENGINEERING COLLEGE
100 _aGeiger Randall L
245 0 _aVLSI
260 _bMc Graw Hill
260 _c1999
546 _aENGLISH
942 _2ddc
_c02
999 _c17265
_d17265